|
|
|
|
| LEADER |
00000nab a2200000 a 4500 |
| 001 |
vtls000614459 |
| 003 |
SK-MaSNL |
| 005 |
20260304093322.0 |
| 008 |
250425c1996 xo 0 slo |
| 015 |
|
|
|a SNBRB19rr/mm-uuuuu
|
| 035 |
|
|
|a CL0614598
|
| 035 |
|
|
|a urn:nbn:sk:snk-abbqlp
|
| 035 |
|
|
|a (urnnbn)urn:nbn:sk:snk:ar-002n24
|
| 035 |
|
|
|a (uuid)5e09b686-80d2-4491-a50d-0827bbedc3a5
|
| 040 |
|
|
|a SNKBUCL
|b slo
|c SNKBUCL
|e AACR2
|
| 041 |
0 |
|
|a slo
|
| 044 |
|
|
|a xo
|c SK
|
| 080 |
|
|
|a 82:929:885.4
|2 1981
|
| 080 |
|
|
|a 885.4
|2 1981
|
| 100 |
1 |
|
|a Šulej, Peter,
|d 1967-
|4 aut
|9 13475
|
| 245 |
1 |
0 |
|a O psoch, fyzike, tenise a aj literatúre s Paľom Hrúzom
|c [zhováral sa] Peter Šulej
|
| 300 |
|
|
|b Fotogr. 1
|
| 600 |
1 |
7 |
|a Hrúz, Pavel,
|d 1941-2008
|2 snkbucl
|9 93625
|
| 655 |
|
7 |
|a rozhovory
|2 snkbucl
|9 31831
|
| 655 |
|
7 |
|a články z novín a časopisov
|2 snkbucl
|9 267496
|
| 700 |
1 |
|
|a Hrúz, Pavel,
|d 1941-2008
|4 aut
|9 93625
|
| 773 |
0 |
|
|t Dotyky
|g Roč. 8, č. 9-10 (1996), s. 2-4
|
| 850 |
|
|
|a Slovenská národná knižnica
|
| 852 |
|
|
|a Slovenská národná knižnica
|
| 958 |
|
|
|a article15
|
| 958 |
|
|
|a LX
|
| 958 |
|
|
|a BX
|
| 958 |
|
|
|a OND
|
| 958 |
|
|
|a EUIPO
|
| 992 |
|
|
|a RBX
|
| 999 |
|
|
|c 2822650
|d 2824580
|